| 000 | 00566nam a2200181 i 4500 | ||
|---|---|---|---|
| 001 | 66259 | ||
| 003 | ES-MaACL | ||
| 005 | 20250415213634.0 | ||
| 007 | t| | ||
| 008 | 040130s1967 sp ||||1| spa d | ||
| 100 | 1 |
_aGalbraith, John Kenneth. _953345 |
|
| 245 | 1 | 3 |
_aEl nuevo estado industrial / _cJohn Kenneth Galbrath ; traducción castellana de Manuel Sacristán. |
| 260 |
_aBarcelona : _bAriel, _c[1967] |
||
| 300 |
_a457 p. ; _c22 cm. |
||
| 700 | 1 |
_aSacristán, Manuel, _d1925-1985 _9101268 |
|
| 852 |
_aES-MaACL _jC-33742 _bR.64321 |
||
| 999 |
_c66259 _d66259 |
||